000 00185 a2200097 4500
001 762
100 _aLevi
245 _aRadargrammetry
260 _a
_bMcgrawhill
_c
090 _c356
_d356
942 _aNUST-CAE
_cM
_c28446
999 _c235835
_d235835